000 00211nam a2200097Ia 4500
008 190216s9999||||xx |||||||||||||| ||und||
100 _aC A Joseph
245 0 _aMandarathinde Katha
260 _bNull
942 _cBK
999 _c24447
_d24447